ბათუმის შოთა რუსთაველის სახელმწიფო უნივერსიტეტის ბიბლიოთეკა

Архитектура Советской Грузии (ბიბ.ჩანაწერი № 52357)

000 -LEADER
fixed length control field 01131nam a2200229Ia 4500
001 - CONTROL NUMBER
control field 19377
003 - CONTROL NUMBER IDENTIFIER
control field GE_BSU
008 - FIXED-LENGTH DATA ELEMENTS--GENERAL INFORMATION
fixed length control field 181216s||||||||xx |||||||||||||| ||und||
040 ## - CATALOGING SOURCE
Transcribing agency GE_BSU
080 ## - UNIVERSAL DECIMAL CLASSIFICATION NUMBER
Universal Decimal Classification number 72.036(479.22)
100 ## - MAIN ENTRY--PERSONAL NAME
Personal name Квирквелия Т.Р, Н. М. Мгалоблишвилиi
245 ## - TITLE STATEMENT
Title Архитектура Советской Грузии
245 ## - TITLE STATEMENT
Statement of responsibility, etc. Ред: Т. А. Гатова
260 ## - PUBLICATION, DISTRIBUTION, ETC.
Place of publication, distribution, etc. Москва
260 ## - PUBLICATION, DISTRIBUTION, ETC.
Name of publisher, distributor, etc. Стройиздат
260 ## - PUBLICATION, DISTRIBUTION, ETC.
Date of publication, distribution, etc. 1986
300 ## - PHYSICAL DESCRIPTION
Extent 318стр, ил,22см
653 ## - INDEX TERM--UNCONTROLLED
Uncontrolled term Архитектура Советской Грузии
653 ## - INDEX TERM--UNCONTROLLED
Uncontrolled term В настоящей работе прослеживаются пути становления и развития архитектуры Грузии на протяжении советского периода ее истории. Основное внимание сосредоточено на анализе советской грузинской архитектуры, ее достижениях и перспективах развития,
653 ## - INDEX TERM--UNCONTROLLED
Uncontrolled term არქიტექტურა
942 ## - ADDED ENTRY ELEMENTS (KOHA)
Koha item type წიგნი
ეგზემპლარები
Withdrawn status Lost status Damaged status Not for loan Date acquired Barcode Date last seen Price effective from Koha item type
        2018-12-17 48235 2018-12-17 2018-12-17 წიგნი